Kỹ xảo day bấm huyệt trị bệnh trong gia đình

Tài liệu có hai phần: Phần xoa bóp dưỡng sinh ( tự xoa bóp ) và xoa bóp trị liệu.

সংরক্ষণ করুন:
গ্রন্থ-পঞ্জীর বিবরন
প্রধান লেখক: Lý Ngọc Điền
বিন্যাস: গ্রন্থ
ভাষা:Undetermined
প্রকাশিত: Thanh Hóa Nxb. Thanh Hóa 2000
বিষয়গুলি:
ট্যাগগুলো: ট্যাগ যুক্ত করুন
কোনো ট্যাগ নেই, প্রথমজন হিসাবে ট্যাগ করুন!
Thư viện lưu trữ: Trung tâm Học liệu Trường Đại học Cần Thơ
LEADER 00685nam a2200181Ia 4500
001 CTU_39477
008 210402s9999 xx 000 0 und d
082 |a 613.7 
082 |b Đ305 
100 |a Lý Ngọc Điền 
245 0 |a Kỹ xảo day bấm huyệt trị bệnh trong gia đình 
245 0 |c Lý Ngọc Điền, Trần Sinh 
260 |a Thanh Hóa 
260 |b Nxb. Thanh Hóa 
260 |c 2000 
520 |a Tài liệu có hai phần: Phần xoa bóp dưỡng sinh ( tự xoa bóp ) và xoa bóp trị liệu. 
650 |a massage therapy,mechanotherapy,physical fitness 
980 |a Trung tâm Học liệu Trường Đại học Cần Thơ